Đằng sau bức tranh

保存先:
書誌詳細
第一著者: Boorapha, Sri
その他の著者: Trần Quỳnh Trang (dịch) ((dịch))
フォーマット: 図書
出版事項: Hà Nội Văn Học. Cty truyền thông Quảng Văn 2014
主題:
タグ: タグ追加
タグなし, このレコードへの初めてのタグを付けませんか!
Thư viện lưu trữ: Trung tâm Học liệu Lê Vũ Hùng, Trường Đại học Đồng Tháp
LEADER 00797pam a22002298a 4500
001 00041186
005 20180404130414.0
008 110608s1997 ||||||Viesd
020 # # |c 69000  |a 978 604 69 3958 9 
041 0 # |a Vie 
082 1 4 |a 895.913 3  |b Đ116S 
100 0 # |a Boorapha, Sri 
245 0 0 |c Sri Boorapha; Trần Quỳnh Trang (dịch)  |a Đằng sau bức tranh 
260 # # |a Hà Nội  |b Văn Học. Cty truyền thông Quảng Văn  |c 2014 
300 # # |c 21 cm.  |a 184 tr 
653 # # |a Thái Lan 
653 # # |a Tiểu thuyết 
653 # # |a Văn học hiện đại 
700 1 # |a Trần Quỳnh Trang (dịch)  |e (dịch) 
852 # # |j KD.0023349  |j KM.0024625 
910 |d 04/04/2018 
980 # # |a Trung tâm Học liệu Lê Vũ Hùng, Trường Đại học Đồng Tháp